Kapitálové pohyby medzi priemyselne vyspelými kapitalistickými krajinami v rokoch 1945-1975 kandidátska dizertačná práca

Gespeichert in:
Bibliographische Detailangaben
1. Verfasser: Grohmann, Stanislav
Körperschaft: Vysoká škola ekonomická v Bratislave. Národohospodárska fakulta
Weitere Verfasser: Rapoš, Pavol
Format: Buch
Sprache:Slowakisch
Veröffentlicht: Bratislava 1979
Tags: Tag hinzufügen
Keine Tags, Fügen Sie das erste Tag hinzu!

MARC

LEADER 00000nam a2200000 4500
001 c033373
005 20221220102030.0
041 0 |a slo 
044 |a SK 
245 1 0 |a Kapitálové pohyby medzi priemyselne vyspelými kapitalistickými krajinami v rokoch 1945-1975  |b kandidátska dizertačná práca  |c Stanislav Grohmann ; ved. práce Pavol Rapoš 
264 1 |a Bratislava  |c 1979 
300 |a 201 s. 
100 1 |a Grohmann, Stanislav 
700 1 |a Rapoš, Pavol 
710 2 |a Vysoká škola ekonomická v Bratislave. Národohospodárska fakulta